000 00691nam a22001577a 4500
003 OSt
005 20150922144604.0
008 150922b xxu||||| |||| 00| 0 eng d
040 _cRUA
082 _aAGR OUM 2007 B034 Or.1
100 _91119
_aOUM, PHAREN.
245 _aStudy on crop production in chheu theal village, prek anchanh commune, mukkampol district, kandal province ការសិក្សារលើផលិតកម្មដំណាំនៅភូមិឈើទាល ឃុំព្រែកអញ្ចាញ ស្រុកមុខកំពូល ខេត្តកណ្តាល
260 _aPhnom penh
_bRUA
_c2007
300 _a54p.
_bill.
_c29cm.
942 _2ddc
_cAGR
999 _c1071
_d1071